Introduction to marketing communications : (Record no. 344568)

000 -LEADER
fixed length control field 01135 a2200217 4500
020 ## - INTERNATIONAL STANDARD BOOK NUMBER
International Standard Book Number 0132690853
020 ## - INTERNATIONAL STANDARD BOOK NUMBER
International Standard Book Number 9780132690850
082 04 - DEWEY DECIMAL CLASSIFICATION NUMBER
Classification number 658.8
090 ## - LOCALLY ASSIGNED LC-TYPE CALL NUMBER (OCLC); LOCAL CALL NUMBER (RLIN)
-- 2065
-- 2065
100 1# - MAIN ENTRY--PERSONAL NAME
Personal name Burnett, John.
245 10 - TITLE STATEMENT
Title Introduction to marketing communications :
Remainder of title an integrated approach /
Statement of responsibility, etc. John Burnett.
250 ## - EDITION STATEMENT
Edition statement US ed ed.
260 ## - PUBLICATION, DISTRIBUTION, ETC.
Place of publication, distribution, etc. [S.l.] :
Name of publisher, distributor, etc. Prentice Hall,
Date of publication, distribution, etc. 1997.
300 ## - PHYSICAL DESCRIPTION
Extent 752 p. ;
Dimensions 26 cm.
500 ## - GENERAL NOTE
General note Hardcover.
520 ## - SUMMARY, ETC.
Summary, etc. For introductory courses in marketing communications, advertising and promotions. This book focuses on the wide range of areas included in marketing communication and the tools and techniques needed to create an integrated approach. The goal is to present the wide range of communication messages and the sources that produce them and then show how they can be used for maximum efficiency through a coordinated planning process.
700 1# - ADDED ENTRY--PERSONAL NAME
Personal name Moriarty, Sandra.
856 40 - ELECTRONIC LOCATION AND ACCESS
Materials specified Amazon.com
Uniform Resource Identifier <a href="http://www.amazon.com/exec/obidos/ASIN/0132690853/chopaconline-20">http://www.amazon.com/exec/obidos/ASIN/0132690853/chopaconline-20</a>
856 40 - ELECTRONIC LOCATION AND ACCESS
Materials specified Amazon customer reviews
Uniform Resource Identifier <a href="http://www.chopac.org/cgi-bin/tools/azrev.pl?q=0132690853">http://www.chopac.org/cgi-bin/tools/azrev.pl?q=0132690853</a>
942 ## - ADDED ENTRY ELEMENTS (KOHA)
Institution code [OBSOLETE] NBS
Koha item type Book
Call number prefix 658.8 BIR
Holdings
Withdrawn status Lost status Damaged status Not for loan Permanent Location Current Location Date acquired Total Checkouts Full call number Barcode Date last seen Price effective from Koha item type
        Central Library (CL) Central Library (CL) 08/28/2013   658.8 BIR NBS1582 08/28/2013 08/28/2013 Book
© 2023 Central Library, National University of Sciences and Technology. All Rights Reserved.